<?xml version="1.0" encoding="UTF-8"?>
<record
    xmlns:xsi="http://www.w3.org/2001/XMLSchema-instance"
    xsi:schemaLocation="http://www.loc.gov/MARC21/slim http://www.loc.gov/standards/marcxml/schema/MARC21slim.xsd"
    xmlns="http://www.loc.gov/MARC21/slim">

  <leader>00788nam a2200277 a 4500</leader>
  <controlfield tag="001">52307</controlfield>
  <controlfield tag="003">BD-RJUL</controlfield>
  <controlfield tag="005">20211209075801.0</controlfield>
  <controlfield tag="008">160918s1966    enka     b    001 0 engm </controlfield>
  <datafield tag="035" ind1=" " ind2=" ">
    <subfield code="a">(BD-RJUL)52427</subfield>
  </datafield>
  <datafield tag="040" ind1=" " ind2=" ">
    <subfield code="a">DLC</subfield>
    <subfield code="c">WSU</subfield>
    <subfield code="d">OCL</subfield>
    <subfield code="d">BD-RJUL</subfield>
    <subfield code="b">eng</subfield>
  </datafield>
  <datafield tag="041" ind1=" " ind2=" ">
    <subfield code="a">eng</subfield>
  </datafield>
  <datafield tag="082" ind1=" " ind2=" ">
    <subfield code="2">23</subfield>
    <subfield code="a">530.11</subfield>
    <subfield code="b">RIS 1966</subfield>
  </datafield>
  <datafield tag="090" ind1=" " ind2=" ">
    <subfield code="a">QC6</subfield>
    <subfield code="b">.R579 1966</subfield>
  </datafield>
  <datafield tag="099" ind1=" " ind2=" ">
    <subfield code="a">QC6.R579 1966</subfield>
  </datafield>
  <datafield tag="100" ind1="1" ind2="0">
    <subfield code="a">Rindler, W.</subfield>
    <subfield code="9">156544</subfield>
  </datafield>
  <datafield tag="245" ind1="1" ind2="0">
    <subfield code="a">Special relativity /</subfield>
    <subfield code="c">[by] W. Rindler.</subfield>
  </datafield>
  <datafield tag="250" ind1=" " ind2=" ">
    <subfield code="a">2nd ed.</subfield>
  </datafield>
  <datafield tag="260" ind1=" " ind2=" ">
    <subfield code="a">London :</subfield>
    <subfield code="b">Interscience,</subfield>
    <subfield code="c">1966</subfield>
  </datafield>
  <datafield tag="300" ind1=" " ind2=" ">
    <subfield code="a">xii, 196 p. ;</subfield>
    <subfield code="b">ill. ;</subfield>
    <subfield code="c">19 cm.</subfield>
  </datafield>
  <datafield tag="490" ind1="1" ind2=" ">
    <subfield code="a">University mathematical texts ;</subfield>
    <subfield code="v">23</subfield>
  </datafield>
  <datafield tag="500" ind1=" " ind2=" ">
    <subfield code="a">Include index</subfield>
  </datafield>
  <datafield tag="650" ind1=" " ind2="0">
    <subfield code="a">Relativity (Physics)</subfield>
    <subfield code="9">156545</subfield>
  </datafield>
  <datafield tag="830" ind1=" " ind2="0">
    <subfield code="a">University mathematical texts ;</subfield>
    <subfield code="v">23.</subfield>
    <subfield code="9">150921</subfield>
  </datafield>
  <datafield tag="942" ind1=" " ind2=" ">
    <subfield code="2">ddc</subfield>
    <subfield code="c">BK</subfield>
  </datafield>
  <datafield tag="999" ind1=" " ind2=" ">
    <subfield code="c">52307</subfield>
    <subfield code="d">52307</subfield>
  </datafield>
  <datafield tag="952" ind1=" " ind2=" ">
    <subfield code="0">0</subfield>
    <subfield code="1">0</subfield>
    <subfield code="2">ddc</subfield>
    <subfield code="4">0</subfield>
    <subfield code="7">0</subfield>
    <subfield code="8">NFIC</subfield>
    <subfield code="a">RUCL</subfield>
    <subfield code="b">RUCL</subfield>
    <subfield code="c">Stack</subfield>
    <subfield code="d">1969-10-29</subfield>
    <subfield code="e">Zeit.</subfield>
    <subfield code="g">13.06</subfield>
    <subfield code="l">0</subfield>
    <subfield code="o">530.11 RIS 1966</subfield>
    <subfield code="r">2016-09-18 00:00:00</subfield>
    <subfield code="t">C-2</subfield>
    <subfield code="w">2016-09-18</subfield>
    <subfield code="y">BK</subfield>
  </datafield>
  <datafield tag="952" ind1=" " ind2=" ">
    <subfield code="0">0</subfield>
    <subfield code="1">0</subfield>
    <subfield code="2">ddc</subfield>
    <subfield code="4">0</subfield>
    <subfield code="7">0</subfield>
    <subfield code="8">NFIC</subfield>
    <subfield code="a">RUCL</subfield>
    <subfield code="b">RUCL</subfield>
    <subfield code="c">Stack</subfield>
    <subfield code="d">1969-10-29</subfield>
    <subfield code="e">Zeit.</subfield>
    <subfield code="g">13.06</subfield>
    <subfield code="l">0</subfield>
    <subfield code="o">530.11 RIS 1966</subfield>
    <subfield code="r">2016-09-18 00:00:00</subfield>
    <subfield code="t">C-3</subfield>
    <subfield code="w">2016-09-18</subfield>
    <subfield code="y">BK</subfield>
  </datafield>
  <datafield tag="952" ind1=" " ind2=" ">
    <subfield code="0">0</subfield>
    <subfield code="1">0</subfield>
    <subfield code="2">ddc</subfield>
    <subfield code="4">0</subfield>
    <subfield code="7">0</subfield>
    <subfield code="8">NFIC</subfield>
    <subfield code="a">RUCL</subfield>
    <subfield code="b">RUCL</subfield>
    <subfield code="c">Stack</subfield>
    <subfield code="d">1969-10-29</subfield>
    <subfield code="e">Zeit.</subfield>
    <subfield code="g">13.06</subfield>
    <subfield code="l">0</subfield>
    <subfield code="o">530.11 RIS 1966</subfield>
    <subfield code="r">2016-09-18 00:00:00</subfield>
    <subfield code="t">C-4</subfield>
    <subfield code="w">2016-09-18</subfield>
    <subfield code="y">BK</subfield>
  </datafield>
  <datafield tag="952" ind1=" " ind2=" ">
    <subfield code="0">0</subfield>
    <subfield code="1">0</subfield>
    <subfield code="2">ddc</subfield>
    <subfield code="4">0</subfield>
    <subfield code="7">0</subfield>
    <subfield code="8">NFIC</subfield>
    <subfield code="a">RUCL</subfield>
    <subfield code="b">RUCL</subfield>
    <subfield code="c">Stack</subfield>
    <subfield code="d">1969-10-29</subfield>
    <subfield code="e">Zeit.</subfield>
    <subfield code="g">13.06</subfield>
    <subfield code="l">0</subfield>
    <subfield code="o">530.11 RIS 1966</subfield>
    <subfield code="r">2016-09-18 00:00:00</subfield>
    <subfield code="t">C-5</subfield>
    <subfield code="w">2016-09-18</subfield>
    <subfield code="y">BK</subfield>
  </datafield>
  <datafield tag="952" ind1=" " ind2=" ">
    <subfield code="0">0</subfield>
    <subfield code="1">0</subfield>
    <subfield code="2">ddc</subfield>
    <subfield code="4">0</subfield>
    <subfield code="7">0</subfield>
    <subfield code="8">NFIC</subfield>
    <subfield code="a">RUCL</subfield>
    <subfield code="b">RUCL</subfield>
    <subfield code="c">Stack</subfield>
    <subfield code="d">1969-10-29</subfield>
    <subfield code="e">Zeit.</subfield>
    <subfield code="g">13.06</subfield>
    <subfield code="l">0</subfield>
    <subfield code="o">530.11 RIS 1966</subfield>
    <subfield code="r">2016-09-18 00:00:00</subfield>
    <subfield code="t">C-6</subfield>
    <subfield code="w">2016-09-18</subfield>
    <subfield code="y">BK</subfield>
  </datafield>
  <datafield tag="952" ind1=" " ind2=" ">
    <subfield code="0">0</subfield>
    <subfield code="1">0</subfield>
    <subfield code="2">ddc</subfield>
    <subfield code="4">0</subfield>
    <subfield code="7">0</subfield>
    <subfield code="8">NFIC</subfield>
    <subfield code="a">RUCL</subfield>
    <subfield code="b">RUCL</subfield>
    <subfield code="c">Stack</subfield>
    <subfield code="d">1969-10-29</subfield>
    <subfield code="e">Zeit.</subfield>
    <subfield code="g">13.06</subfield>
    <subfield code="l">0</subfield>
    <subfield code="o">530.11 RIS 1966</subfield>
    <subfield code="r">2016-09-18 00:00:00</subfield>
    <subfield code="t">C-7</subfield>
    <subfield code="w">2016-09-18</subfield>
    <subfield code="y">BK</subfield>
  </datafield>
  <datafield tag="952" ind1=" " ind2=" ">
    <subfield code="0">0</subfield>
    <subfield code="1">0</subfield>
    <subfield code="2">ddc</subfield>
    <subfield code="4">0</subfield>
    <subfield code="7">0</subfield>
    <subfield code="8">NFIC</subfield>
    <subfield code="a">RUCL</subfield>
    <subfield code="b">RUCL</subfield>
    <subfield code="c">Stack</subfield>
    <subfield code="d">1969-10-29</subfield>
    <subfield code="e">Zeit.</subfield>
    <subfield code="g">13.06</subfield>
    <subfield code="l">0</subfield>
    <subfield code="o">530.11 RIS 1966</subfield>
    <subfield code="r">2016-09-18 00:00:00</subfield>
    <subfield code="t">C-8</subfield>
    <subfield code="w">2016-09-18</subfield>
    <subfield code="y">BK</subfield>
  </datafield>
  <datafield tag="952" ind1=" " ind2=" ">
    <subfield code="0">0</subfield>
    <subfield code="1">0</subfield>
    <subfield code="2">ddc</subfield>
    <subfield code="4">0</subfield>
    <subfield code="7">0</subfield>
    <subfield code="8">NFIC</subfield>
    <subfield code="a">RUCL</subfield>
    <subfield code="b">RUCL</subfield>
    <subfield code="c">Stack</subfield>
    <subfield code="d">1969-10-29</subfield>
    <subfield code="e">Zeit.</subfield>
    <subfield code="g">13.06</subfield>
    <subfield code="l">0</subfield>
    <subfield code="o">530.11 RIS 1966</subfield>
    <subfield code="r">2016-09-18 00:00:00</subfield>
    <subfield code="t">C-9</subfield>
    <subfield code="w">2016-09-18</subfield>
    <subfield code="y">BK</subfield>
  </datafield>
  <datafield tag="952" ind1=" " ind2=" ">
    <subfield code="0">0</subfield>
    <subfield code="1">0</subfield>
    <subfield code="2">ddc</subfield>
    <subfield code="4">0</subfield>
    <subfield code="7">0</subfield>
    <subfield code="8">NFIC</subfield>
    <subfield code="a">RUCL</subfield>
    <subfield code="b">RUCL</subfield>
    <subfield code="c">Stack</subfield>
    <subfield code="d">1969-10-29</subfield>
    <subfield code="e">Zeit.</subfield>
    <subfield code="g">13.06</subfield>
    <subfield code="l">0</subfield>
    <subfield code="o">530.11 RIS 1966</subfield>
    <subfield code="r">2016-09-18 00:00:00</subfield>
    <subfield code="t">C-10</subfield>
    <subfield code="w">2016-09-18</subfield>
    <subfield code="y">BK</subfield>
  </datafield>
  <datafield tag="952" ind1=" " ind2=" ">
    <subfield code="0">0</subfield>
    <subfield code="1">0</subfield>
    <subfield code="2">ddc</subfield>
    <subfield code="4">0</subfield>
    <subfield code="7">0</subfield>
    <subfield code="8">NFIC</subfield>
    <subfield code="a">RUCL</subfield>
    <subfield code="b">RUCL</subfield>
    <subfield code="c">Stack</subfield>
    <subfield code="d">1969-10-29</subfield>
    <subfield code="e">Zeit.</subfield>
    <subfield code="g">13.06</subfield>
    <subfield code="l">0</subfield>
    <subfield code="o">530.11 RIS 1966</subfield>
    <subfield code="r">2016-09-21 00:00:00</subfield>
    <subfield code="t">C-1</subfield>
    <subfield code="w">2016-09-21</subfield>
    <subfield code="y">BK</subfield>
  </datafield>
</record>
